American Boy - Little Mix - All Lyrics - Statistics

General Stats
  • This quiz has been taken 76 times
  • The average score is 435 of 495
Answer Stats
Answer % Correct
a
100%
hey
100%
I
100%
Oh,
100%
(Oh,
100%
oh)
100%
Ooh,
100%
ooh,
100%
woah)
100%
(Yeah)
100%
American
98%
American,
98%
(American,
98%
boy
98%
Boy,
98%
boy)
98%
boy,
98%
(Boy)
98%
he
98%
He
98%
(He
98%
'merican,
98%
'merican
98%
And,
96%
And
96%
and
96%
on
96%
me
94%
my
94%
My
94%
(My
94%
when
94%
(When
94%
'bout
91%
guitar
91%
guitar)
91%
guitar,
91%
in
91%
know
91%
la, la,
91%
la, la)
91%
la, la
91%
plays
91%
the
91%
you
91%
You
91%
heart
89%
heart)
89%
her
89%
Singin',
89%
singin',
89%
singin'
89%
(Singin',
89%
singin')
89%
to
89%
about
87%
breaks
87%
do
87%
thinks
87%
say
83%
(Say,
83%
say,
83%
say)
83%
be
81%
dancin'
81%
never
81%
so
81%
So,
81%
was
81%
your
81%
don't
79%
met
79%
she
79%
him
77%
wanna
77%
at
74%
California,
74%
feel
74%
one,
74%
one
74%
phone
74%
real
74%
sad,
74%
stage
74%
who's
74%
you're
74%
alone?
72%
if
72%
jealous,
72%
like
72%
Making
72%
making
72%
name
72%
needed
72%
playin'
72%
that
72%
Answer
70%
are
70%
Are
70%
ask
70%
baby,
70%
but
70%
got
70%
I'm
70%
knew
70%
band
68%
home
68%
home,
68%
she's
68%
all
66%
away
66%
bad
66%
crazy
66%
get
66%
it's
66%
mad
66%
mean
66%
things
66%
back
64%
just
62%
insecure
60%
says
60%
up
55%
drive
53%
out
53%
paranoid,
53%
caught
43%
no,
43%
no
43%
no)
43%
careless
40%
(Singing,
40%
singing,
40%
singing)
40%
must
34%
No matching quizzes found
Score Distribution
Percent of People with Each Score
Percentile by Number Answered
Your Score History
You have not taken this quiz